000
00232nam a2200097Ia 4500
008
190216s9999||||xx |||||||||||||| ||und||
100
_a
Ramachandra Varma
245
0
_a
Hindi-Achie Hindi
260
_b
Lokh Bharathi Bakson
942
_c
BK
999
_c
16995
_d
16995